000 00296nam a22001337a 4500
008 170926b xxu||||| |||| 00| 0 eng d
020 _a9783860475454
041 _aeng
080 _a37
100 _a46
101 _aEDU
245 _aTESTE DEINE INTELLIGENZ
_cSIEWART.H.H
942 _2udc
_cBK
999 _c29748
_d29748